|
|
|
|
| LEADER |
00000cam a2200000 i 4500 |
| 001 |
1/10901 |
| 008 |
101115s2009 gre d |
| 020 |
|
|
|a 978-960-6640-56-8
|
| 035 |
|
|
|l 10109209
|
| 040 |
|
|
|a GR-MY-UA
|b gre
|e aacr
|
| 041 |
1 |
|
|a gre
|h eng
|
| 082 |
0 |
|
|a 925
|2 (22)
|
| 100 |
1 |
|
|a Tent, M. B. W.
|q (Margaret B. W.),
|d 1944-
|
| 245 |
1 |
0 |
|a Έμι Νέδερ :
|b η κυρία της άλγεβρας /
|c M.B.W. Tent ; μετάφραση: Νάσος Κυριαζόπουλος
|
| 260 |
|
|
|a Αθήνα :
|b Τραυλός,
|c c2009
|
| 300 |
|
|
|a 236 σ.;
|c 21 εκ.
|
| 500 |
|
|
|a Τίτλος πρωτοτύπου: Emmy Noether: the mother of modern algebra
|
| 504 |
|
|
|a Περιλαμβάνει ευρετήριο
|
| 600 |
1 |
0 |
|a Noether Emmy
|d 1882-1935.
|
| 650 |
0 |
0 |
|a Mathematicians
|z Germany
|v Biography.
|
| 650 |
0 |
0 |
|a Algebra.
|
| 852 |
|
|
|a INST
|b SYROS
|e 20101115
|h 925 TEN
|p 005500009477
|q 005500009477
|t BK
|y 0
|
| 901 |
|
|
|a BIBL5-2010-3
|
| 909 |
|
|
|a Ε
|b 160561
|
| 970 |
|
|
|a ΚΟΝΤΟΥ
|b ΠΑΡΑΣΚΕΥΗ
|z 2010/11/15
|